00729nam a2200229Ia 450000500170000000800410001702000150005804100080007310000340008124500590011525000250017426400380019930000260023733600270026333700330029033800280032365000280035165000420037965000320042104000350045308400110048820220316235218.0121119s2000 sp gr 000 f spa  a84204487450 aspa1 aSierra i Fabra, Jordi,d1947-10aNunca seremos estrellas del rockcJordi Sierra i Fabra aOctava reimpresión 1aMadridbEditorial Alfaguarac2000 a152 páginasc22 cm. atextobtxt2rdacontent asin mediaciónbn2rdamedia avolumenbnc2rdacarrier142LEMBaNovela española142LEMBaConflictos de identidadvNovela142LEMBaLiteratura española aCO-BoRNBPbspaerdacCO-BoRNBP aN SIE1